[Event "Barcelona Torxa op 2nd"]
[Site "Barcelona"]
[Date "2009.09.01"]
[Round "1"]
[White "Codina Calvo, Daniel"]
[Black "Panades Catarineu, Oriol"]
[Result "0-1"]
[WhiteElo "1700"]
[BlackElo "1857"]
[PlyCount "98"]
[EventDate "2009.09.01"]
[EventType "swiss"]
[EventRounds "7"]
[EventCountry "ESP"]
[SourceTitle "EXT 2024"]
[Source "ChessBase"]
[SourceDate "2023.10.10"]
[SourceVersion "1"]
[SourceVersionDate "2023.10.10"]
[SourceQuality "1"]

1. e4 c5 2. Nf3 d6 3. Bc4 Nc6 4. Nc3 Bg4 5. d3 Nf6 6. Bg5 Qb6 7. Na4 Qb4+ 8. Bd2 Qxa4 9. b3 Qa3 10. 0-0 Nb4 11. Qe1 Bxf3 12. gxf3 Nxc2 13. Qd1 Nxa1 14. Qxa1 Rb8 15. Rc1 b5 16. Bd5 Nxd5 17. exd5 Qa6 18. Rc2 Qb7 19. Ba5 Qxd5 20. Qf1 Qxf3 21. Qe1 Qxd3 22. Rd2 Qg6+ 23. Kf1 e6 24. Qe2 Qb1+ 25. Rd1 Qf5 26. b4 Rc8 27. Qxb5+ Ke7 28. Rd3 Rb8 29. Qxb8 Qxd3+ 30. Kg1 Kf6 31. b5 Qb1+ 32. Kg2 g6 33. Qd8+ Kf5 34. Qd7 f6 35. Bc3 Qe4+ 36. Kg1 Qg4+ 37. Kh1 Qf3+ 38. Kg1 Qxc3 39. Qxa7 Bh6 40. Qa4 Qb4 41. Qc2+ Kg5 42. Qd1 Qg4+ 43. Qxg4+ Kxg4 44. a4 Rb8 45. Kh1 Kf3 46. a5 Rxb5 47. a6 Ra5 48. h3 Ra1+ 49. Kh2 Bf4# 0-1